| 000 | 00908cam a22001934a 4500 | ||
|---|---|---|---|
| 005 | 20250605164105.0 | ||
| 008 | 250528s ||||||||||||||||||||||||d | ||
| 035 | _a17713 | ||
| 020 | _a9789604116997 | ||
| 040 |
_aGR-AtMCL _bgre _dGR-AtMCL _eAACR2 |
||
| 245 | 1 | _aΤεχνολογία Ξύλου / Πρίση, Ξήρανση, Εμποτισμός, Καμπύλωση, Καπλαμάς | |
| 260 |
_bΊων, _c2009 |
||
| 300 | _a248 | ||
| 520 | _aΣυγκομιδή του Ξύλου και άλλων Δασικών Προιόντων, Ξύλινοι Στύλοι - Πάσσαλοι, Πριστή Ξυλεία, Ξήρανση Ξυλείας, Άτμιση του Ξύλου, Εμποτισμός του Ξύλου, Ποιότητα και Πιστοποίηση Ξυλείας, Ξυλόφυλλα. | ||
| 700 | 1 |
_aΚακάρας Ιωάννης _93900 |
|
| 942 | _cBK | ||
| 999 |
_c3114 _d3114 |
||